Aprendamos lengua y literatura 1 /
Guardado en:
| Autor Principal: | |
|---|---|
| Formato: | Libro |
| Publicado: |
Córdoba :
Comunicarte,
2013
|
| Etiquetas: |
Agregar Etiqueta
Sin Etiquetas, Sea el primero en etiquetar este registro!
|
| LEADER | 00709nam a22001575a 4500 | ||
|---|---|---|---|
| 001 | CEM.cems018652 | ||
| 005 | 20190219161311.0 | ||
| 008 | 130507s2013##################000#0#####d | ||
| 003 | CEMS | ||
| 020 | |a 9789876022422 | ||
| 100 | 1 | |a Delgado, Myriam | |
| 245 | 1 | 0 | |a Aprendamos lengua y literatura 1 / |c Myriam Delgado |
| 260 | |a Córdoba : |b Comunicarte, |c 2013 | ||
| 300 | |a 144 p. | ||
| 505 | 0 | |a Tipos de texto -- El circuito de la comunicación -- El texto teatral -- El texto instructivo -- Textos ficcionales y no ficcionales -- Propiedades del texto --El texto expositivo -- Poemas para mirar y leer -- El cuento maravilloso -- El cuento realista -- El cuento fantástico | |
| 859 | |a CEMS |b BIB. CEMS - Agricultura |p A3161.18 |t Ej.1 | ||
